LIBRARY & INFORMATION CENTRE, KCAET, TAVANUR

ONLINE PUBLIC ACCESS CATALOGUE (OPAC)

Normal view MARC view
  • Helen, Varghese, B

Entry Personal Name

Number of records used in: 1

001 - CONTROL NUMBER

  • control field: 3933

003 - CONTROL NUMBER IDENTIFIER

  • control field: OSt

005 - DATE AND TIME OF LATEST TRANSACTION

  • control field: 20181116103446.0

008 - FIXED-LENGTH DATA ELEMENTS

  • fixed length control field: 181116|| aca||aabn | a|a d

040 ## - CATALOGING SOURCE

  • Original cataloging agency: OSt
  • Transcribing agency: OSt

100 ## - HEADING--PERSONAL NAME

  • Personal name: Helen, Varghese, B

670 ## - SOURCE DATA FOUND

  • Source citation: Work cat.: (OSt)14020: Helen, Varghese, B, Design fabrication and testing of a foldable solar drier
free website counter